| 000 | 02609cam a2200313 a 4500 | ||
|---|---|---|---|
| 001 | 15886674 | ||
| 005 | 20170105102858.0 | ||
| 008 | 090828s2011 iluab b 001 0 eng c | ||
| 010 | _a 2009036013 | ||
| 020 | _a9780226514598 (cloth : alk. paper) | ||
| 020 | _a0226514595 (cloth : alk. paper) | ||
| 020 | _a9780226514604 (pbk. : alk. paper) | ||
| 020 | _a0226514609 (pbk. : alk. paper) | ||
| 040 |
_aICU/DLC _cDLC _dDLC |
||
| 042 | _apcc | ||
| 043 | _af-iv--- | ||
| 050 | 0 | 0 |
_aDT545.84 _b.M346 2011 |
| 082 | 0 | 0 |
_a966.6805/2 _222 |
| 100 | 1 | _aMcGovern, Mike. | |
| 245 | 1 | 0 |
_aMaking war in Côte d'Ivoire / _cMike McGovern. |
| 260 |
_aChicago : _bThe University of Chicago Press, _c2011. |
||
| 300 |
_axxv, 238 p. : _bill., maps ; _c23 cm. |
||
| 504 | _aIncludes bibliographical references and index. | ||
| 505 | 0 | _aIntroduction: socialists and skinheads : Abidjan, 2003 -- Côte d'Ivoire -- A chronology of the crisis -- Chapters -- Pillage and principle: making distinctions in a frontier zone -- Thirdness -- Ecology and economy -- Personhood -- Warfare -- Conclusion -- The politics of ressentiment -- Introduction -- Strangers and hosts along the upper Guinea coast -- The rights of the autochthonous and the imposition of the state in Côte d'Ivoire's cocoa-producing west -- Planters, but not mediocre planters -- 'On peut instrumentaliser une réalité': the development of an Ivorian politics of resentment -- Violence as discourse, violence as practice -- Decolonisation and dramaturgy -- The "problem" of African youth -- Fesci and its alumni -- Free money: the transition from zouglou to coupé décalé -- "This is play" -- "La deuxième guerre d'indépendence" and the rhetoric of revolution -- "Is this play?" : the media and the events of November 2004 -- Does it matter if this is play? -- Following the money: the cocoa-coffee filière -- The history of the filière -- Intergenerational tensions -- The filière restructured and ready to do business -- From "L" or brun to "l"or noir: the reintroduction of petroleum production as part of the Ivorian political economy -- Neither war nor peace: the sociology of a state of emergency -- What causes civil conflict in west Africa? -- Case study: the third assistant to the mayor of Guiglo -- Checkpoint ethnography: economic gain and the threat of violence -- Alignment -- Manchester in Guiglo?. | |
| 651 | 0 |
_aCôte d'Ivoire _xHistory _yCivil War, 2002-2007. |
|
| 906 |
_a7 _bcbc _corignew _d1 _eecip _f20 _gy-gencatlg |
||
| 942 |
_2ddc _cBK |
||
| 999 |
_c14575 _d14575 |
||